000 00754nas a22002411c 4500
001 a987681942
003 RU-10907106
005 20210727120204.0
008 110706m1993 gw |||| 000u eng d
022 _a0038-5859
040 _cRU-10907106
_aRU-10907106
_bger
041 _aeng
245 0 0 _aEurope Asia studies /
_cpubl. for the University of Glasgow
247 _aSoviet studies
264 _aAbingdon, Oxfordshire [u.a.] :
_bCarfax Publ. Comp.,
_c1993
362 0 _a45.1993 -
500 _aOnline-Angebot nicht frei zugänglich, Zugriff nur im DHI-Lesesaal
655 0 _aElektronische Zeitschrift
710 2 _aUniversity Glasgow
856 4 _uhttp://www.jstor.org/journal/euroasiastud
910 0 0 _a45.1993-64.2012
942 _cCR
_2z
999 _c39623
_d39623